Home environment, peer influence and the academic achievement of Malay students /
Saved in:
| Main Author: | |
|---|---|
| Format: | Thesis Book |
| Language: | English |
| Published: |
1992.
|
| Subjects: | |
| Tags: |
Add Tag
No Tags, Be the first to tag this record!
|
| LEADER | 00946cam a2200265 a 4500 | ||
|---|---|---|---|
| 001 | u330039 | ||
| 003 | SIRSI | ||
| 008 | 930810s1992 si v 00 1 eng m | ||
| 035 | |a ABP-3202 | ||
| 040 | |a UMM | ||
| 043 | |a a-si--- | ||
| 090 | |a LB1062.6 |b Bib | ||
| 100 | 0 | 0 | |a Bibi Jan Mohammed Ayyub. |
| 245 | 1 | 0 | |a Home environment, peer influence and the academic achievement of Malay students / |c Bibi Jan Md. Ayyub. |
| 260 | |c 1992. | ||
| 300 | |a xvi, 292 leaves ; |c 30 cm. | ||
| 502 | |a Dissertation (M.Ed.) -- National University of Singapore, 1992. | ||
| 504 | |a Bibliography: leaves 281-292. | ||
| 650 | 0 | |a Academic achievement |z Singapore. | |
| 650 | 0 | |a Malay students |z Singapore |x Rating of. | |
| 650 | 0 | |a Education |z Singapore |x Parental participation. | |
| 650 | 0 | |a Peer pressure |z Singapore. | |
| 948 | |a 10/08/1993 |b 20/08/2002 | ||
| 596 | |a 1 | ||
| 999 | |a LB1062.6 BIB |w LC |c 1 |i A504454826 |d 26/5/2008 |e 26/5/2008 |l STACKS |m P01UTAMA |n 26 |r Y |s Y |t TESIS |u 25/8/1993 | ||
